000 00207nam a22000857a 4500
999 _c10998
_d10998
008 180713b ||||| |||| 00| 0 eng d
100 _aShakespeare
_94522
245 _aThe Merchant of Venice
260 _aNew Delhi